MARC details
| 000 -LEADER |
| fixed length control field |
00963nam a2200253 a 4500 |
| 003 - CONTROL NUMBER IDENTIFIER |
| control field |
CBULib |
| 005 - DATE AND TIME OF LATEST TRANSACTION |
| control field |
20240424094253.0 |
| 008 - FIXED-LENGTH DATA ELEMENTS--GENERAL INFORMATION |
| fixed length control field |
060721s2005 ||||||||||||||||| || u |
| 020 ## - INTERNATIONAL STANDARD BOOK NUMBER |
| International Standard Book Number |
9211126800 |
| 040 ## - CATALOGING SOURCE |
| Original cataloging agency |
LC |
| Language of cataloging |
CBUlib |
| Transcribing agency |
CBUlib |
| Modifying agency |
CBUlib |
| Description conventions |
rda |
| 050 ## - LIBRARY OF CONGRESS CALL NUMBER |
| Classification number |
UNCTAD(08)CSFDID |
| 110 ## - MAIN ENTRY--CORPORATE NAME |
| Corporate name or jurisdiction name as entry element |
United Nations Conference on Trade and Development (UNCTAD) |
| 245 10 - TITLE STATEMENT |
| Title |
TNCs and the removal of textiles and clothing quotas |
| Statement of responsibility, etc. |
/by United Nations Conference on Trade and Development (UNCTAD) |
| 260 ## - PUBLICATION, DISTRIBUTION, ETC. |
| Place of publication, distribution, etc. |
New York: |
| Name of publisher, distributor, etc. |
United Nations Conference on Trade and Development (UNCTAD) |
| Date of publication, distribution, etc. |
2005 |
| 300 ## - PHYSICAL DESCRIPTION |
| Extent |
viii, 70 Pages.: illustrations |
| 350 ## - PRICE (NR) (BK AM CF MU VM SE) [OBSOLETE] |
| Price |
0.00 |
| 500 ## - GENERAL NOTE |
| General note |
UNCTAD current studies on FDI and development no 1 |
| 650 ## - SUBJECT ADDED ENTRY--TOPICAL TERM |
| Topical term or geographic name entry element |
TEXTILE AND APPAREL INDUSTRY |
| 650 #0 - SUBJECT ADDED ENTRY--TOPICAL TERM |
| Topical term or geographic name entry element |
TNCS |
| 9 (RLIN) |
2903 |
| 650 #0 - SUBJECT ADDED ENTRY--TOPICAL TERM |
| Topical term or geographic name entry element |
CLOTHING QUOTAS |
| 9 (RLIN) |
2905 |
| 650 ## - SUBJECT ADDED ENTRY--TOPICAL TERM |
| Topical term or geographic name entry element |
CLOTHING TRADE |
| 942 ## - ADDED ENTRY ELEMENTS (KOHA) |
| Source of classification or shelving scheme |
|
| Koha item type |
INTERNATIONAL PUBLICATIONS |
| Suppress in OPAC |
No |